Most Dangerous U.S. States for Pedestrians - Statistics

General Stats
  • This quiz has been taken 359 times
  • The average score is 5 of 9
Answer Stats
State % Correct
Texas
84%
Florida
79%
Alabama
69%
Mississippi
60%
Louisiana
56%
Arizona
49%
South Carolina
42%
New Mexico
39%
Delaware
14%
No matching quizzes found
Score Distribution
Percent of People with Each Score
Percentile by Number Answered
Your Score History
You have not taken this quiz